00627nam a2200193Ia 4500003000900000008004100009040001600050080001400066100002300080245009800103260004600201300000900247650002900256650001900285650001700304942000700321999001500328952009000343IN-BaIIA211028s9999 xx 000 0 eng d cIIA Library a58bROX-4 aRoxburgh, W910621 0aDrawing of Indian plants,FASC-IVcW. Roxburgh  aCalcuttabBotanical Survey of Indiac1970 a57p. aDrawings - plants910622 aNASA thesaurus aPlants97639 cBK c6144d6144 00104070aBANbBANcGENd1979-03-16l0o58/ ROX-4p6856r2021-11-05w1979-03-16yBK